Les 30 nominés Ballon d'Or 2025 - Statistiques

Statistiques générales
  • Ce quiz a été pris 528 fois
  • Le résultat moyen est 24 sur 30
Statistiques - réponses
Hint Réponse % Correct
Barcelone Lamine Yamal
99%
Paris Saint Germain Ousmane Dembélé
99%
Paris Saint Germain Achraf Hakimi
93%
Real Madrid Kylian Mbappé
93%
Paris Saint Germain Désiré Doué
91%
Paris Saint Germain Gianluigi Donnarumma
91%
Paris Saint Germain Vitinha
91%
Liverpool Mohamed Salah
90%
Paris Saint Germain Nuno Mendes
90%
Chelsea Cole Palmer
88%
Manchester City Erling Haaland
88%
Barcelone Pedri
87%
Real Madrid Vinicius Jr
87%
Bayern Munich Harry Kane
86%
Paris Saint Germain Joao Neves
86%
Inter Milan Lautaro Martinez
86%
Barcelone Raphinha
86%
Paris Saint Germain Fabian Ruiz
82%
Sporting Viktor Gyokeres
80%
Barcelone Robert Lewandowski
78%
Liverpool Virgil van Dijk
78%
Bayer Leverkusen Florian Wirtz
76%
Real Madrid Jude Bellingham
76%
Bayern Munich Michael Olise
72%
Arsenal Declan Rice
67%
Dortmund Serhou Guirassy
66%
Naples Scott McTominay
65%
Paris Saint Germain Khvicha Kvaratskhelia
60%
Inter Milan Denzel Dumfries
54%
Liverpool Alexis Mac Allister
53%
Aucun quiz correspondant
Distribution des résultats
% des personnes avec chaque résultat
Percentile par nombre de réponses
Votre historique - résultats
Vous n’avez pas pris ce quiz